01857nam a2200361 a 4500001001200000003000800012006001900020007001500039008004100054010001700095020001800112020001500130040002100145035002100166043002100187050002900208082002000237245032900257260005500586300002600641490003200667504005100699533015200750650005900902650004200961650006301003655002901066710015001095710009001245710001701335856012601352999001701478ebr10225192CaPaEBRm u cr cn|||||||||000929s2008 dcua sb 001 0 eng d z 2008920197 z9780309101776 z0309101778 aCaPaEBRcCaPaEBR a(OCoLC)614507297 an-us---aap-----14aDS79.744.M44bP49 2008eb04a956.7044/2722100aPhysiologic, psychologic, and psychosocial effects of deployment-related stressh[electronic resource] /cCommittee on Gulf War and Health, Physiologic, Psychologic, and Psychosocial Effects of Deployment-Related Stress, Board on Population Health and Public Health Practice, Institute of Medicine of the National Academies. aWashington, D.C. :bNational Academy Press,c2008. axviii, 339 p. :bill.0 aGulf War and health ;vv. 6 aIncludes bibliographical references and index. aElectronic reproduction.bPalo Alto, Calif. :cebrary,d2009.nAvailable via World Wide Web.nAccess may be limited to ebrary affiliated libraries. 0aPersian Gulf War, 1991xHealth aspectszUnited States. 0aPersian Gulf syndromezUnited States. 0aPersian Gulf War, 1991xVeteransxDiseaseszUnited States. 7aElectronic books.2local2 aInstitute of Medicine (U.S.).bCommittee on Gulf War and Health: Physiologic, Psychologic, and Psychosocial Effects of Deployment-Related Stress.2 aInstitute of Medicine (U.S.).bBoard on Population Health and Public Health Practice.2 aebrary, Inc.40uhttp://site.ebrary.com/lib/rucke/Doc?id=10225192zAn electronic book accessible through the World Wide Web; click to view c27307d27307